| 000 | 00327 a2200145 4500 | ||
|---|---|---|---|
| 999 |
_c328357 _d328357 |
||
| 001 | 93284 | ||
| 003 | NUST | ||
| 005 | 20180120130202.0 | ||
| 008 | 180120b xxu||||| |||| 00| 0 eng d | ||
| 082 | _a297 ALI | ||
| 100 |
_aAli Syed Ameer _99187 |
||
| 245 | _aThe spirit of Islam | ||
| 250 | _a1st | ||
| 260 |
_aLondon _bChristophers _c1972 |
||
| 300 | _alxxii, 515 p. | ||
| 500 | _aGeneral Books | ||
| 942 |
_aCAE NUST _cBK _k297 ALI _2ddc |
||